000 00417nam a2200145Ia 4500
008 230917s9999||||xx |||||||||||||| ||und||
040 _e41892
_aMAIN
041 _aEnglish
082 _a820.9 S51M
100 _aSmith, A J
245 4 _aThe metaphysics of love: studies in renaissance love poetry from Dante to Milton
260 _aCambridge
_bCambridge University Press
_c1985
300 _aix, 349 p.
942 _cBK
999 _c47130
_d47130